Economic rights and environmental wrongs : (Record no. 22602)

MARC details
000 -LEADER
fixed length control field 01241pam a2200313 a 4500
001 - CONTROL NUMBER
control field 3544286
003 - CONTROL NUMBER IDENTIFIER
control field OSt
005 - DATE AND TIME OF LATEST TRANSACTION
control field 20211215103341.0
008 - FIXED-LENGTH DATA ELEMENTS--GENERAL INFORMATION
fixed length control field 970805s1998 enka b 001 0 eng
010 ## - LIBRARY OF CONGRESS CONTROL NUMBER
LC control number 97033596
020 ## - INTERNATIONAL STANDARD BOOK NUMBER
International Standard Book Number 1858984505
040 ## - CATALOGING SOURCE
Original cataloging agency DLC
Transcribing agency HU
Modifying agency DLC
050 00 - LIBRARY OF CONGRESS CALL NUMBER
Classification number GE140
Item number .D48 1998
082 00 - DEWEY DECIMAL CLASSIFICATION NUMBER
Classification number 363.7/058
Edition number 21
100 1# - MAIN ENTRY--PERSONAL NAME
Personal name Devlin, Rose Anne,
Dates associated with a name 1956-
9 (RLIN) 23019
245 10 - TITLE STATEMENT
Title Economic rights and environmental wrongs :
Remainder of title property rights for the common good /
Statement of responsibility, etc. Rose Anne Devlin and R. Quentin Grafton.
260 ## - PUBLICATION, DISTRIBUTION, ETC.
Place of publication, distribution, etc. Cheltenham, UK ;
-- Northampton, MA, USA :
Name of publisher, distributor, etc. Edward Elgar,
Date of publication, distribution, etc. c1998.
300 ## - PHYSICAL DESCRIPTION
Extent xii, 189 p. :
Other physical details ill. ;
Dimensions 24 cm.
504 ## - BIBLIOGRAPHY, ETC. NOTE
Bibliography, etc. note Includes bibliographical references (p. 161-178) and index.
650 #0 - SUBJECT ADDED ENTRY--TOPICAL TERM
Topical term or geographic name entry element Environmental degradation
General subdivision Economic aspects.
9 (RLIN) 23020
650 #0 - SUBJECT ADDED ENTRY--TOPICAL TERM
Topical term or geographic name entry element Environmental economics.
9 (RLIN) 5955
650 #0 - SUBJECT ADDED ENTRY--TOPICAL TERM
Topical term or geographic name entry element Right of property.
9 (RLIN) 23021
650 #0 - SUBJECT ADDED ENTRY--TOPICAL TERM
Topical term or geographic name entry element Environmental responsibility.
9 (RLIN) 23022
700 1# - ADDED ENTRY--PERSONAL NAME
Personal name Grafton, R. Quentin,
Dates associated with a name 1962-
9 (RLIN) 23023
906 ## - LOCAL DATA ELEMENT F, LDF (RLIN)
a 7
b cbc
c orignew
d 1
e ocip
f 19
g y-gencatlg
942 ## - ADDED ENTRY ELEMENTS (KOHA)
Source of classification or shelving scheme Dewey Decimal Classification
Koha item type Books like text book referance book
Suppress in OPAC No
Holdings
Withdrawn status Lost status Source of classification or shelving scheme Damaged status Not for loan Collection code Home library Current library Shelving location Date acquired Total Checkouts Full call number Barcode Date last seen Copy number Price effective from Koha item type
    Dewey Decimal Classification     Non-fiction Wondo Genet Library Wondo Genet Library General Stacks 12/15/2021   363.7`058 QUE 1998 WGCFNRL00007781 12/15/2021 1 12/15/2021 Books like text book referance book